Golden Ball Top 3 at FIFA World Cup for Men - Statistics

General Stats
  • This quiz has been taken 705 times
    530 since last reset
  • The average score is 28 of 60
Answer Stats
Answer % Correct
Lionel Messi
100%
Kylian Mbappe
97%
Luka Modrić
97%
Ronaldo
94%
Zinedine Zidane
91%
Thomas Müller
90%
Gerd Müller
89%
Diego Forlán
86%
Diego Maradona
86%
Eden Hazard
86%
Pelé
85%
Antoine Griezmann
81%
Arjen Robben
79%
David Villa
77%
Fabio Cannavaro
75%
Oliver Kahn
74%
Roberto Baggio
68%
Johan Cruyff
66%
Romario
66%
Wesley Sneijder
66%
Davor Šuker
65%
Hristo Stoichkov
64%
Ferenc Puskás
63%
Bobby Charlton
61%
Andrea Pirlo
60%
Paolo Rossi
59%
Eusébio
58%
Franz Beckenbauer
58%
Garrincha
58%
Lothar Matthäus
56%
Bobby Moore
52%
Mario Kempes
49%
Karl-Heinz Rummenigge
39%
Just Fontaine
38%
Lilian Thuram
37%
Sándor Kocsis
32%
Salvatore Schillaci
30%
Giuseppe Meazza
25%
Didi
23%
Leônidas
20%
Josef Masopust
19%
Falcão
17%
Fritz Walter
16%
Ademir
14%
Guillermo Stábile
14%
Juan Alberto Schiaffino
13%
Gérson
12%
Kazimierz Deyna
12%
Leonel Sánchez
12%
Matthias Sindelar
11%
Silvio Piola
11%
José Leandro Andrade
10%
Harald Schumacher
9%
Oldřich Nejedlý
9%
Preben Elkjær Larsen
9%
José Nasazzi
8%
Zizinho
8%
György Sárosi
6%
Hong Myung-bo
5%
Dirceu
3%
No matching quizzes found
Score Distribution
Percent of People with Each Score
Percentile by Number Answered
Your Score History
You have not taken this quiz since the last reset